000
00285nam a22001217a 4500
082
_a
900
100
_a
Ray,Priyadaranjan
_9
81636
245
_a
the Culture heritage Of India
250
_a
Volume VI
260
_a
Belur Math
_b
Ramakrishna Mission
_c
2013
650
_a
History
942
_c
BK
999
_c
65791
_d
65791